Medievel European history / (Record no. 104308)
[ view plain ]
| 000 -LEADER | |
|---|---|
| fixed length control field | 00594nam a22001817a 4500 |
| 005 - DATE AND TIME OF LATEST TRANSACTION | |
| control field | 20161206101953.0 |
| 010 ## - LCCN (DPL NO) | |
| LC control number | ENG-116321 |
| 020 ## - INTERNATIONAL STANDARD BOOK NUMBER | |
| International Standard Book Number | 9788193095416 |
| Terms of availability | 795.00 |
| 035 ## - SYSTEM CONTROL NUMBER | |
| System control number | EN-99853 |
| 037 ## - SOURCE OF ACQUISITION | |
| Source of stock number/acquisition | DBAD/PUB |
| 082 04 - DEWEY DECIMAL CLASSIFICATION NUMBER | |
| Classification number | 940.1 |
| 245 04 - TITLE STATEMENT | |
| Title | Medievel European history / |
| Statement of responsibility, etc | edited by Parmeshwer Hegde |
| 260 ## - PUBLICATION, DISTRIBUTION, ETC. (IMPRINT) | |
| Place of publication, distribution, etc | New Delhi |
| Name of publisher, distributor, etc | Falguni Publishers & Distributors |
| Date of publication, distribution, etc | 2015 |
| 270 ## - ADDRESS | |
| Address | 202 IInd Floor,4832/24,Prahlad Street,Ansari Road,Daryaganj |
| City | New Delhi |
| Postal code | 110002 |
| 300 ## - PHYSICAL DESCRIPTION | |
| Extent | 238p. : |
| Dimensions | 21cm(Hb) |
| Other physical details | ill(maps) |
| 700 ## - ADDED ENTRY--PERSONAL NAME | |
| Dates associated with a name | Hegde,Parmeshwer |
| 942 ## - ADDED ENTRY ELEMENTS (KOHA) | |
| Source of classification or shelving scheme | Dewey Decimal Classification |
| Item type | English Books |
| Classification part | 940.1 |
| Call number suffix | MED |
| Withdrawn status | Lost status | Not for loan | Collection code | Home library | Current library | Date acquired | Source of acquisition | Cost, normal purchase price | Full call number | Barcode | Copy number | Cost, replacement price | Koha item type |
|---|---|---|---|---|---|---|---|---|---|---|---|---|---|
| Not For Loan | Non-fiction | D.B.Act.Division | Bawana | 26/10/2016 | DBAD/PUB | 795.00 | 940.1 MED | EN-99853 | 1 | 795.00 | English Books |
